Представление документа в формате MARC21

Поле Инд. ПП Название Значение
Тип записи a
Библиографический уровень c
001 Контрольный номер 115929
005 Дата корректировки 20231129135005.6
040 b Код языка каталог. rus
e Правила каталог. PSBO
041 0_ a Код языка текста rus
097 b Оператор *Ир*
245 10 a Заглавие Учебно-методический комплекс дисциплины "Современные методы и инструменты управления качеством". Направления подготовки 18.04.01 Химическая технология. Направленность (профиль): Химия и технология биологически активных веществ. Направление подготовки 19.04.01 Биотехнология. Направленность (профиль): Прикладная биотехнология
c Ответственность Кафедра "Биотехнология, химия и стандартизация"
c Ответственность составитель Б.Б. Тихонов
b Продолж. заглавия ФГОС 3++
260 c Дата издания 2023
a Место издания Тверь
b Издательство ТвГТУ
440 _0 a Серия УМК
516 8_ a Прим. о типе комп. файла/ данных Текст : электронный
535 1_ a Хранилище Сервер
856 40 u URL https://elib.tstu.tver.ru/MegaPro/GetDoc/Megapro/115929
901 t Тип документа x
905 b Дата создания записи обработка 25.04.23
951 i EL-ТГТУ? Да
a EL-УМК? Готов
d EL-Информация? За электронные документы, представленные в УМК, несет ответственность кафедра и разработчик УМК
952 h НВВ-Полн.число УМКД 3 док.
954 c 14.07.17
990 h N записи в КСУ для Б/У (DOS) 35/2017